Utilidades Norton

Salvato in:
Dettagli Bibliografici
Autore principale: Dyson, Peter (Autore)
Natura: Libro
Lingua:spagnolo
Pubblicazione: Madrid Paraninfo 1990
Soggetti:
Tags: Aggiungi Tag
Nessun Tag, puoi essere il primo ad aggiungerne!!

MARC

LEADER 00000nam a2200000 a 4500
001 UCV6526
003 CL-VaPUC
008 921229e19900000SP |||||||||||||||||spa|d
082 0 4 |a 005.3  |b DYS  |2 21 
100 0 |a Dyson, Peter  |e author  |9 300662 
245 1 0 |a Utilidades Norton 
300 |a 375 p 
942 |c BK 
945 |d 19921229 00:00:00 
260 |a Madrid  |b Paraninfo  |c 1990 
650 7 |a PROGRAMAS PARA COMPUTADOR  |2 CL-VaPUC  |9 300663 
650 7 |a SISTEMAS DE ALMACENAMIENTO Y RECUPERACION DE INFORMACION  |2 CL-VaPUC  |9 260405 
650 7 |a SISTEMAS OPERATIVOS COMPUTADORES  |2 CL-VaPUC  |9 263174 
583 |a last modification  |c 19921229 00:00:00  |k Rodrigo Vera 
999 |c 212540  |d 212538 
952 |0 0  |1 0  |4 0  |6 005_300000000000000_DYS_1990  |7 0  |8 A  |9 193595  |a BIBING  |b BIBING  |d 2019-11-14  |i 2615975  |o 005.3 DYS 1990  |p 2615975  |r 2025-01-20  |w 2019-11-14  |y BK  |k EIE